| 000 | 01156cam a2200325 i 4500 | ||
|---|---|---|---|
| 999 |
_c200447886 _d66098 |
||
| 003 | TR-AnTOB | ||
| 005 | 20220426155520.0 | ||
| 007 | ta | ||
| 008 | 051011s1995 tu 000 0 tur d | ||
| 020 | _a9751911826 | ||
| 040 |
_aB9K _beng _erda _cB9K _dTR-AnTOB |
||
| 041 | 0 | _atur | |
| 050 | 1 | 4 |
_aHQ766.37 _b.O4719 1995 |
| 090 |
_aHQ766.37 _b.O4719 1995 |
||
| 100 | 1 |
_aOmran, Abdel R. _eauthor _961146 |
|
| 240 | 1 | 0 |
_aFamily planning in the legacy of Islam. _fTurkish |
| 245 | 1 | 0 |
_aİslam kültüründe aile planlaması / _cProf. Abdel Rahim Omran. |
| 264 | 1 |
_aAnkara : _bDiyanet İşleri Başkanlığı, _c1995. |
|
| 300 |
_axxix, 314 pages : _c23 cm |
||
| 336 |
_2rdacontent _atext _btxt |
||
| 337 |
_2rdamedia _aunmediated _bn |
||
| 338 |
_2rdacarrier _avolume _bnc |
||
| 490 | 0 |
_aDiyanet İşleri Başkanlığı yayınları ; _v335 _aİlmi eserler ; _x62 |
|
| 650 | 7 |
_aDoğum kontrolü _xDini yönler _xİslam _2etuturkob _961148 |
|
| 650 | 0 |
_aDoğum kontrolü _9121574 _xHukuk ve mevzuat |
|
| 650 | 7 |
_aAileler _xKur'an öğretimi _2etuturkob _9135937 |
|
| 740 | 0 | _aFamily planning in the legacy of Islam. | |
| 942 |
_2lcc _cBK |
||